00416nam a2200121Ia 45000010005000000080041000050820024000461000098000702450060001682600024002289010027002529990015002792999241024s9999 xx 000 0 und d aRD/370.4/R426i/2010 aRepública Dominicana.Ministerio de Educación.Dirección General de Bienestar Estudiantil 0aInforme eventos de salud escuela básica antiguo liceo bSanto Domingoc2010 a11/7/2013 3:58:12 p.m. c9253d9253